| 000 | 01054cam a22002894a 4500 | ||
|---|---|---|---|
| 001 | 15827128 | ||
| 003 | ARRUPE | ||
| 005 | 20131220140148.0 | ||
| 008 | 090721s2008 enkab b 001 0deng | ||
| 010 | _a 2009482190 | ||
| 020 | _a9780859553155 | ||
| 040 |
_aDLC _cDLC |
||
| 050 | 0 | 0 |
_aDT30.5 _b.M224 2008 |
| 082 | 0 | 4 |
_a960.326 _222 |
| 100 | 1 |
_aMackay, Peter. _96294 |
|
| 245 | 1 | 0 |
_aWe have tomorrow : _bstirrings in Africa, 1959-1967 / _cPeter Mackay ; with an introduction by Terence Ranger. |
| 260 |
_aNorwich [England] : _bMichael Russell, _c2008. |
||
| 300 |
_axx, 356 p. : _bill., 1 map ; _c25 cm. |
||
| 504 | _aIncludes bibliographical references. | ||
| 650 | 0 |
_aWhites _zZimbabwe _vBiography. _96295 |
|
| 650 | 0 |
_aMen, White _zZimbabwe _vBiography. _96296 |
|
| 651 | 0 |
_aAfrica _xPolitics and government _y1960-. _96297 |
|
| 651 | 0 |
_aZimbabwe _xHistory _y1965-1980. _96298 |
|
| 906 |
_a7 _bcbc _corigres _d2 _encip _f20 _gy-gencatlg |
||
| 942 |
_2lcc _cMONOGRAPH |
||
| 999 |
_c119445 _d119445 |
||